00487nam a22001697a 450000500170000001000140001702000260003103500130005703700130007008200060008310000190008924500720010826000360018027000680021630000210028465000120030520100811153829.0 aENG-99706 a9788189412507c400.00 aEN-83238 bDBAD/PUB aS aKhatri, Vikash aMore world famous adventures of sherlock holmes /cby Vikash Khatri aDelhibAvishkar Prakashanc2010 aL-20/13, Street No.5, Shivaji Marg, Kartar NagarbDelhie1100531 a208p.c22cm (Hb) aStories